000 00725nas a2200241 4500
001 BR9604353
003 BR-BrBNA
005 20231205094848.0
007 ta
008 230509b bl.|||p| |||| 00| 00por d
040 _aBR-BrBNA
_bpor
_cBiblioteca Nacional de Agricultura
041 _a(Pt)
072 _aQ03
100 1 _aSilva, C.M.
100 1 _aLima, F.W.
245 1 _aDeterminacao de tracos de mercurio em tomates e produtos industrializados de tomates
650 _aTomate
650 _aContaminacao
650 _aMercurio
773 0 _tRevista Brasileira de Tecnologia (Brazil)
_xISSN 0100-6711
_g(Dec 1970), v. 1(2) p. 67-79
_wBR9604353
909 _a202311
_bLúcia
_c55
_dLúcia Elande
942 _2AGRIS
_n0
_cANA
999 _c147398
_d147398